La philosophie générale de John Locke,
Saved in:
| Main Author: | |
|---|---|
| Format: | Book |
| Language: | French |
| Published: |
Paris,
F. Alcan,
1909.
|
| Subjects: | |
| Tags: |
Add Tag
No Tags, Be the first to tag this record!
|
| LEADER | 00631nam a2200217I 4500 | ||
|---|---|---|---|
| 001 | 006259727-2 | ||
| 005 | 20020606163548.3 | ||
| 008 | 820809s1909 fr 000 0 fre | ||
| 010 | |a 09024344 | ||
| 035 | 0 | |a ocm08673463 | |
| 040 | |a DLC |c SOI |d HLS | ||
| 050 | 0 | |a B1297 |b .06 | |
| 100 | 1 | |a Ollion, H. |q (Henri) | |
| 245 | 1 | 3 | |a La philosophie générale de John Locke, |c par H. Ollion ... |
| 260 | |a Paris, |b F. Alcan, |c 1909. | ||
| 300 | |a 2 p. ℓ., 482, [2] p. |c 23 cm. | ||
| 504 | |a "Note bibliographique": p. [11]-17. | ||
| 504 | |a "Ouvrages cités": p. [18]-21. | ||
| 600 | 1 | 0 | |a Locke, John, |d 1632-1704. |
| 988 | |a 20020608 | ||
| 906 | |0 DLC | ||


